LEADER 01212nam0-22003851i-450- 001 990005474440203316 005 20010829120000.0 035 $a000547444 035 $aUSA01000547444 035 $a(ALEPH)000547444USA01 035 $a000547444 100 $a20010829d1985-------|0itac50------ba 101 $aita 102 $aIT 105 $a|||| ||||| 200 1 $aAppunti di geografia economica$edalle lezioni agli studenti della facoltà di Economia e Commercio dell'Università di Genova$fA. Brusca, G. Bellati 210 $aGenova$cEcig$d1985 215 $a308 p.$d21 cm. 606 $aGEOGRAFIA ECONOMICA$2FI 620 $dGenova 676 $a330.91$cGeografia (Geografia econonica)$v21 700 1$aBELLATI,$bG.$0613825 701 1$aBRUSA,$bA.$0613826 801 $aIT$bSOL$c20120104 912 $a990005474440203316 950 $aDIP.TO SCIENZE ECONOMICHE - (SA)$dDS 300 330.91 BRU$e2418 DISES 951 $a300 330.91 BRU$b2418 DISES 959 $aBK 969 $aDISES 979 $c20121027$lUSA01$h1532 979 $c20121027$lUSA01$h1613 979 $aPATRY$b90$c20130226$lUSA01$h1542 996 $aAppunti di geografia economica$91128431 997 $aUNISA NUM $aUSA7731 LEADER 01203nam a22002891i 4500 001 991001214609707536 005 20031024085846.0 008 040407s1966 fr a||||||||||||||||fre 035 $ab12736296-39ule_inst 035 $aARCHE-071593$9ExL 040 $aDip.to Scienze Storiche$bita$cA.t.i. Arché s.c.r.l. Pandora Sicilia s.r.l. 082 04$a270 100 1 $aWolter, Hans$0192711 245 10$aLyon I et Lyon II /$cHans Wolter, Henri Holstein 260 $aParis :$bÉditions de l'Orante,$c1966 300 $a319 p. :$bill. ;$c19 cm 440 0$aHistoire des Conciles Oecumeniques 610 24$aConcilio di Lione <1. ; 1245> 610 24$aConcilio di Lione <2. ; 1274> 700 1 $aHolstein, Henri$eauthor$4http://id.loc.gov/vocabulary/relators/aut$0157235 907 $a.b12736296$b02-04-14$c16-04-04 912 $a991001214609707536 945 $aLE009 STOR.44-19/7 bis$g2$i2009000204218$lle009$o-$pE0.00$q-$rl$s- $t0$u0$v0$w0$x0$y.i13271453$z16-04-04 945 $aLE009 STOR.44-19/7$g1$i2009000204225$lle009$o-$pE0.00$q-$rl$s- $t0$u0$v0$w0$x0$y.i13271465$z16-04-04 996 $aLyon I et Lyon II$91447391 997 $aUNISALENTO 998 $ale009$b16-04-04$cm$da $e-$ffre$gfr $h0$i2 LEADER 02008nam 2200505 450 001 9910797351803321 005 20231002203006.0 010 $a0-87609-592-9 035 $a(CKB)3710000000445818 035 $a(EBL)3425950 035 $a(SSID)ssj0001576245 035 $a(PQKBManifestationID)16245919 035 $a(PQKBTitleCode)TC0001576245 035 $a(PQKBWorkID)14855009 035 $a(PQKB)11317187 035 $a(MiAaPQ)EBC3425950 035 $a(EXLCZ)993710000000445818 100 $a20150725h20142014 uy 0 101 0 $aeng 135 $aur|n|---||||| 181 $ctxt$2rdacontent 182 $cc$2rdamedia 183 $acr$2rdacarrier 200 10$aChild brides, global consequences $ehow to end child marriage /$fGayle Tzemach Lemmon, Lynn S. ElHarake 210 1$aNew York, New York :$cCouncil on Foreign Relations,$d2014. 210 4$d©2014 215 $a1 online resource (58 pages) 300 $aDescription based upon print version of record. 311 $a0-87609-591-0 311 $a0-87609-596-1 327 $aContents; Foreword; Acknowledgments; High Stakes for Young Lives: Examining Strategies to Stop Child Marriage; Introduction; Background; Strategies for Ending Child Marriage; Recommendations; Endnotes; Fragile States, Fragile Lives: Child Marriage Amid Disaster and Conflict; Introduction; The Status of Women and Girls in Fragile States; Drivers of Child Marriage in Fragile States: Poverty, Lack of Education, and Insecurity; Recommendations; Endnotes; About the Authors 606 $aChildren's rights 606 $aChild marriage$xLaw and legislation 615 0$aChildren's rights. 615 0$aChild marriage$xLaw and legislation. 676 $a323.352 700 $aTzemach Lemmon$b Gayle$01553706 702 $aElHarake$b Lynn S. 801 0$bMiAaPQ 801 1$bMiAaPQ 801 2$bMiAaPQ 906 $aBOOK 912 $a9910797351803321 996 $aChild brides, global consequences$93814422 997 $aUNINA